000 00460nam a2200181Ia 4500
008 230917s9999||||xx |||||||||||||| ||und||
020 _cRS625
040 _e258348
_aMAIN
041 _aEnglish
082 _a621.3 R137T(4)
100 _aRajput, R K
245 0 _aTextbook of mechatronics
250 _a4th ed.
260 _aNew Delhi
_bS Chand
_c2016
300 _axx, 792 p.
500 _a3668 14/10/2019 HBD19/7972 22/10/2019 Main Budget
942 _cBK
999 _c33238
_d33238